Statistics for Airlines of Japan

Click here to take the quiz!

General Stats

  • This quiz has been taken 42 times
  • The average score is 13 of 25

Answer Stats

ICAOAnswer% Correct
JALJapan Airlines
100%
ANAAll Nippon Airways
87%
ADOAir Do
74%
SKYSkymark
74%
FDAFuji Dream Airlines
65%
JACJapan Air Commuter
65%
SNJSolaseed Air
61%
SFJStar Flyer
61%
JTAJapan Transocean Air
58%
IBXIbex Airlines
55%
JLJJ-Air
55%
JJPJetstar Japan
52%
APJPeach Aviation
52%
AJXAir Japan
48%
NCANippon Cargo Airlines
48%
RACRyukyu Air Commuter
45%
AKXANA Wings
42%
ORCOriental Air Bridge
39%
TZPZIPAIR Tokyo
39%
AHXAmakusa Airlines
35%
SJOSpring Airlines Japan
35%
NTHHokkaido Air System
32%
CUKNew Central Airservice
19%
DAKFirst Flying
16%
THKToho Air Service
16%

Score Distribution

Percentile by Number Answered

Percent of People with Each Score

Your Score History

You have not taken this quiz